[Event "CHN-chB"]
[Site "Jiangmen"]
[Date "2018.07.20"]
[Round "5"]
[White "Zhao, Yuanhe"]
[Black "Zhang, Shengyun"]
[Result "1-0"]
[WhiteElo "2361"]
[BlackElo "2147"]
[PlyCount "95"]
[EventDate "2018.07.18"]
[EventType "swiss"]
[EventRounds "11"]
[EventCountry "CHN"]
[SourceTitle "CBM 185 Extra"]
[Source "ChessBase"]
[SourceDate "2018.07.29"]
[SourceVersion "1"]
[SourceVersionDate "2018.07.29"]
[SourceQuality "1"]

1. d4 d5 2. c4 e6 3. Nc3 c6 4. Nf3 f5 5. e3 Nf6 6. Bd3 Bd6 7. 0-0 0-0 8. b3 Ne4 9. Bb2 Nd7 10. Ne2 Qf6 11. a4 Rf7 12. Ra2 g5 13. Qa1 Rg7 14. a5 Bb4 15. Ra4 Bf8 16. Ba3 Rb8 17. Bxf8 Qxf8 18. Rc1 Ndf6 19. Qa3 Bd7 20. Qxf8+ Kxf8 21. Ra2 Be8 22. Ne5 Nd6 23. f3 a6 24. Kf2 h5 25. h4 g4 26. Nf4 Ke7 27. Re1 Nd7 28. Nxd7 Kxd7 29. c5 Nc8 30. e4 g3+ 31. Ke3 fxe4 32. fxe4 Ne7 33. exd5 exd5 34. Rae2 Bf7 35. Kf3 Ng8 36. Re5 Rf8 37. Rg5 Rxg5 38. hxg5 Be8 39. Kxg3 Ne7 40. Re5 Bf7 41. g6 Be8 42. Rxh5 Rf6 43. Rg5 Ng8 44. Bf5+ Ke7 45. Bc8 Nh6 46. Rh5 Ng8 47. Rh8 Rf8 48. g7 1-0

[Event "CHN-chTB"]
[Site "Qinhuangdao"]
[Date "2017.07.15"]
[Round "11.2"]
[White "Volokitin, Andrei"]
[Black "Zhang, Shengyun"]
[Result "1-0"]
[WhiteElo "2629"]
[BlackElo "2183"]
[PlyCount "74"]
[EventDate "2017.07.10"]
[EventType "team-tourn"]
[EventRounds "11"]
[EventCountry "CHN"]
[SourceTitle "EXT 2018"]
[Source "ChessBase"]
[SourceDate "2017.10.13"]
[SourceVersion "1"]
[SourceVersionDate "2017.10.13"]
[SourceQuality "1"]
[WhiteTeam "Guangdong Zhuhai"]
[BlackTeam "Chengdu Beilei"]
[WhiteTeamCountry "CHN"]
[BlackTeamCountry "CHN"]

1. e4 c5 2. Nf3 e6 3. d4 cxd4 4. Nxd4 a6 5. Bd3 Bc5 6. Nb3 Ba7 7. c4 d6 8. 0-0 Nc6 9. Qe2 Nge7 10. Be3 e5 11. Bxa7 Rxa7 12. Qe3 0-0 13. Nc3 Be6 14. Rad1 Qb8 15. Rd2 b6 16. Rfd1 Rd8 17. Bf1 Nb4 18. Na1 Rad7 19. Nd5 Nbxd5 20. cxd5 Bg4 21. f3 Bh5 22. Bxa6 b5 23. g4 Bg6 24. Nc2 h5 25. g5 Rc7 26. Nb4 Rdd7 27. Rd3 Rc5 28. Rc1 Qb6 29. Rdc3 Rdc7 30. a3 f5 31. gxf6 gxf6 32. Kh1 Kf7 33. Nd3 Qxa6 34. Nxc5 dxc5 35. Rxc5 Rd7 36. Rc7 Rxc7 37. Rxc7 b4 1-0